| 000 | 00602nam a2200193 a 4500 | ||
|---|---|---|---|
| 001 | 000042451 | ||
| 005 | 20201002040151.0 | ||
| 008 | 131203s2009 sp a 000 0 spa d | ||
| 020 | _a9788492632053 | ||
| 040 |
_aDO-SdBNP _bspa _cBNPHU |
||
| 041 | 1 | 7 |
_aspa _beng _halem. |
| 100 | 1 |
_aJerez, Concha, _d1941- _969613 |
|
| 245 | 1 | 0 |
_aArgot / _cConcha Jerez, José Iges. |
| 260 |
_a[Madrid?] : _bInstituto Cervantes, _c2009. |
||
| 300 |
_av. : _bil. ; _c28 cm. + 1 CD. |
||
| 546 | _aTextos en español, inglés, y alemán | ||
| 700 | 1 |
_aIges, José _969614 |
|
| 710 | 2 |
_aCentro Atlántico de Arte Moderno _969615 |
|
| 999 |
_c41940 _d41940 |
||